000 00496nam a2200145 a 4500
001 000028427
005 20200930054934.0
008 110408s1974 dr 000 0 spa d
040 _aDO-SdBNP
_bspa
_cBNPHU
245 0 0 _aDiversificación y aumento de la producción agrícola en el Valle del Cibao /.
260 _aSantiago, República Dominicana :
_bPrograma de las Naciones Unidas para el Desarrollo,
_c1974.
300 _a45 p. ;
_c28 cm.
504 _aBibliografía : p. 44-45
049 _aBNPD
999 _c27919
_d27919